[Event "Edmonton CC July op"]
[Site "Edmonton CAN"]
[Date "2004.07.25"]
[Round "1"]
[White "Hughey, Micah"]
[Black "Asquith, Tom"]
[Result "1-0"]
[WhiteElo "2013"]
[BlackElo "1666"]
[PlyCount "87"]
[GameId "2160767911096115"]
[EventDate "2004.07.??"]
[EventType "swiss"]
[EventRounds "5"]
[EventCountry "CAN"]
[SourceTitle "EXT 2006"]
[Source "ChessBase"]
[SourceDate "2005.11.24"]
[SourceVersion "1"]
[SourceVersionDate "2005.11.24"]
[SourceQuality "1"]

1. e4 c5 2. d4 cxd4 3. c3 Nf6 4. e5 Nd5 5. Nf3 Nc6 6. Bc4 Nb6 7. Bb3 d5 8. exd6 Qxd6 9. O-O Be6 10. Bxe6 Qxe6 11. Re1 Qd6 12. cxd4 e6 13. Nc3 Be7 14. Be3 O-O 15. a3 Nd5 16. Qb3 Nxe3 17. fxe3 Rab8 18. Rac1 Rfd8 19. Rc2 Kh8 20. Rec1 f5 21. Nb5 Qd7 22. Qa2 a6 23. Rxc6 bxc6 24. Ne5 Qe8 25. Qxe6 Rxb5 26. Nf7+ Kg8 27. Nd6+ Kh8 28. Nf7+ Kg8 29. Nd6+ Kh8 30. Nxe8 Rxe8 31. Rxc6 Rbb8 32. Qd7 Rbd8 33. Qxf5 Rf8 34. Qd3 a5 35. d5 Bg5 36. e4 Rb8 37. b3 a4 38. b4 Rbe8 39. d6 Re6 40. g3 Rd8 41. Kg2 Bf6 42. Qd5 Re5 43. Qc4 h6 44. Rc8 1-0

[Event "Edmonton CC July op"]
[Site "Edmonton CAN"]
[Date "2004.07.24"]
[Round "2"]
[White "Asquith, Tom"]
[Black "Roberts, Dick"]
[Result "0-1"]
[WhiteElo "1666"]
[BlackElo "1564"]
[PlyCount "54"]
[GameId "2160767911096116"]
[EventDate "2004.07.??"]
[EventType "swiss"]
[EventRounds "5"]
[EventCountry "CAN"]
[SourceTitle "EXT 2006"]
[Source "ChessBase"]
[SourceDate "2005.11.24"]
[SourceVersion "1"]
[SourceVersionDate "2005.11.24"]
[SourceQuality "1"]

1. e4 c5 2. Nf3 Nc6 3. Bb5 Qc7 4. c3 a6 5. Ba4 b5 6. Bc2 d6 7. a4 b4 8. O-O Bg4 9. h3 Bh5 10. d4 e5 11. d5 Na5 12. cxb4 cxb4 13. Nbd2 Be7 14. Re1 Nf6 15. g4 Bg6 16. Nf1 h6 17. Ng3 O-O 18. g5 hxg5 19. Bxg5 Nh5 20. Rc1 Nxg3 21. fxg3 Bxg5 22. Nxg5 Qa7+ 23. Kg2 Nc4 24. b3 Ne3+ 25. Rxe3 Qxe3 26. h4 Rac8 27. Rb1 Rc3 0-1

[Event "Edmonton CC July op"]
[Site "Edmonton CAN"]
[Date "2004.07.25"]
[Round "4"]
[White "Aspler, Gerald"]
[Black "Gardner, Robert"]
[Result "0-1"]
[WhiteElo "2106"]
[BlackElo "2250"]
[PlyCount "64"]
[GameId "2160767911096117"]
[EventDate "2004.07.??"]
[EventType "swiss"]
[EventRounds "5"]
[EventCountry "CAN"]
[SourceTitle "EXT 2006"]
[Source "ChessBase"]
[SourceDate "2005.11.24"]
[SourceVersion "1"]
[SourceVersionDate "2005.11.24"]
[SourceQuality "1"]

1. c4 e5 2. Nc3 Nf6 3. d3 Bb4 4. Bg5 O-O 5. Qc2 Re8 6. e4 Nc6 7. Nf3 Nd4 8. Nxd4 exd4 9. a3 Bxc3+ 10. bxc3 dxc3 11. f4 h6 12. Bh4 d5 13. e5 Qd7 14. O-O-O Ng4 15. Qxc3 Ne3 16. Re1 d4 17. Qb2 Re6 18. Bf2 Rb6 19. Qa1 Qa4 20. Bxe3 dxe3 21. Re2 Rb3 22. Ra2 Bf5 23. Qd4 Rxa3 24. Rxa3 Qxa3+ 25. Kc2 Qa2+ 26. Qb2 Qxc4+ 27. Qc3 Qxf4 28. Be2 Qf2 29. Kd1 Qxg2 30. Re1 Bg4 31. Qxc7 Bxe2+ 32. Rxe2 Qf1+ 0-1

[Event "Edmonton CC July op"]
[Site "Edmonton CAN"]
[Date "2004.07.25"]
[Round "5"]
[White "Gardner, Robert"]
[Black "Reeve, Jeff"]
[Result "1-0"]
[WhiteElo "2250"]
[BlackElo "2352"]
[PlyCount "87"]
[GameId "2160767911096118"]
[EventDate "2004.07.??"]
[EventType "swiss"]
[EventRounds "5"]
[EventCountry "CAN"]
[SourceTitle "EXT 2006"]
[Source "ChessBase"]
[SourceDate "2005.11.24"]
[SourceVersion "1"]
[SourceVersionDate "2005.11.24"]
[SourceQuality "1"]

1. e4 c5 2. Nf3 Nc6 3. d4 cxd4 4. Nxd4 Nf6 5. Nc3 e5 6. Ndb5 d6 7. Bg5 a6 8. Na3 b5 9. Bxf6 gxf6 10. Nd5 f5 11. c3 Bg7 12. Nxb5 axb5 13. Bxb5 Bd7 14. exf5 O-O 15. Qg4 Kh8 16. a4 Rb8 17. O-O Qc8 18. Ne3 d5 19. Nxd5 Bxf5 20. Qh4 Na7 21. Ne7 Qe6 22. Bc4 Bf6 23. Bxe6 Bxh4 24. Nxf5 Bxf2+ 25. Rxf2 fxe6 26. Ne3 Rxf2 27. Kxf2 Rxb2+ 28. Kf3 Rb3 29. c4 Kg7 30. a5 Kf6 31. a6 Ke7 32. Ke4 Kd6 33. Rd1+ Ke7 34. Rd3 Rb6 35. Ra3 Rb8 36. Kxe5 Ra8 37. Nc2 Rc8 38. Ra4 Rg8 39. g3 Rg4 40. Nd4 Kd7 41. Rb4 Nc6+ 42. Nxc6 Rg5+ 43. Ke4 Kxc6 44. Ra4 1-0

[Event "Edmonton CC Spring op"]
[Site "Edmonton CAN"]
[Date "2004.03.11"]
[Round "2"]
[White "Babb, Dwight"]
[Black "Beebe, Greg"]
[Result "0-1"]
[WhiteElo "1619"]
[BlackElo "1833"]
[PlyCount "44"]
[GameId "2160767911183647"]
[EventDate "2004.03.04"]
[EventType "swiss"]
[EventRounds "4"]
[EventCountry "CAN"]

1. Nf3 d5 2. d4 e6 3. c4 Nf6 4. g3 c5 5. cxd5 Nxd5 6. Ne5 Qc7 7. e4 cxd4 8. Bb5+ Kd8 9. Nxf7+ Qxf7 10. exd5 e5 11. Bc4 Bh3 12. Qb3 Bd6 13. Bg5+ Kc8 14. Nd2 Qf5 15. Rc1 Qxg5 16. Ba6+ Kd8 17. Qxb7 Rf8 18. Rc6 Nxc6 19. Qxa8+ Nb8 20. f4 exf4 21. Qxa7 Qxd5 22. Bb7 Qc5 0-1

[Event "Edmonton CC Spring op"]
[Site "Edmonton CAN"]
[Date "2004.03.11"]
[Round "2"]
[White "Dean, Tim"]
[Black "Hughey, Micah"]
[Result "0-1"]
[WhiteElo "1833"]
[BlackElo "2067"]
[PlyCount "112"]
[GameId "2160767911183648"]
[EventDate "2004.03.04"]
[EventType "swiss"]
[EventRounds "4"]
[EventCountry "CAN"]

1. e4 e5 2. Nf3 Nc6 3. Bb5 f5 4. Nc3 Nf6 5. d3 Bc5 6. Bg5 O-O 7. O-O d6 8. Bc4+ Kh8 9. a3 a6 10. Nd5 fxe4 11. dxe4 Bg4 12. Bxf6 gxf6 13. Ne3 Qd7 14. Nxg4 Qxg4 15. Qd2 Qxe4 16. Ba2 Rad8 17. Rae1 Qg4 18. c3 Rg8 19. Bxg8 Rxg8 20. g3 Qxf3 21. Qe2 Qxe2 22. Rxe2 d5 23. b4 Bb6 24. a4 a5 25. bxa5 Nxa5 26. Rb1 Nc4 27. Kg2 Ra8 28. Ra2 e4 29. Rb5 Ra5 30. Rb4 Ne5 31. h3 Nd3 32. Rb1 Kg7 33. g4 Kf7 34. h4 Ke6 35. Kg3 Rc5 36. Ra3 Kd6 37. g5 f5 38. f4 Ra5 39. Ra2 Kc6 40. h5 Be3 41. Rf1 b6 42. Re2 Bc5 43. h6 Rxa4 44. Rh2 Ra8 45. g6 hxg6 46. h7 Rh8 47. Rh6 Bf2+ 48. Kg2 Kc5 49. Rfh1 e3 50. Kf3 Nxf4 51. Kxf4 e2 52. Kg5 Be3+ 53. Kxg6 Bxh6 54. Kxh6 f4 55. Kg7 Rxh7+ 56. Kxh7 f3 0-1

[Event "Edmonton CC Spring op"]
[Site "Edmonton CAN"]
[Date "2004.03.11"]
[Round "2"]
[White "Dewindt, Cor"]
[Black "McDiarmid, Stephen"]
[Result "1-0"]
[WhiteElo "1339"]
[BlackElo "1414"]
[PlyCount "59"]
[GameId "2160767911183649"]
[EventDate "2004.03.04"]
[EventType "swiss"]
[EventRounds "4"]
[EventCountry "CAN"]

1. Nf3 c5 2. g3 d6 3. Bg2 Nf6 4. d4 cxd4 5. Nxd4 e5 6. Nf3 Be7 7. Nc3 O-O 8. O-O Nc6 9. Bg5 a6 10. Bxf6 Bxf6 11. Nd5 Re8 12. e4 Rb8 13. c3 b5 14. b3 Bb7 15. Re1 g6 16. Rc1 Bg7 17. c4 Ne7 18. Re2 Nxd5 19. cxd5 Bc8 20. Rec2 Bh6 21. Rb1 f5 22. Ne1 fxe4 23. Bxe4 Rf8 24. f3 Bh3 25. Ng2 Qb6+ 26. Kh1 Rbc8 27. Rc6 Qf2 28. Qf1 Qxa2 29. Rxd6 Rc3 30. Rc6 1-0

[Event "Edmonton CC Spring op"]
[Site "Edmonton CAN"]
[Date "2004.03.11"]
[Round "2"]
[White "Pua, Richard"]
[Black "Weijs, Harry"]
[Result "1/2-1/2"]
[WhiteElo "1775"]
[BlackElo "1536"]
[PlyCount "71"]
[GameId "2160767911183650"]
[EventDate "2004.03.04"]
[EventType "swiss"]
[EventRounds "4"]
[EventCountry "CAN"]

1. d4 Nf6 2. Bg5 e6 3. e3 Be7 4. c4 c5 5. Nc3 cxd4 6. exd4 Qa5 7. Bd2 Nc6 8. Nf3 Qb6 9. Na4 Qc7 10. Bd3 b6 11. Rc1 Qb8 12. Qe2 Nb4 13. Bb1 Bb7 14. O-O O-O 15. Rfd1 Bc6 16. Nc3 Bxf3 17. Qxf3 d5 18. b3 dxc4 19. bxc4 Qc8 20. Ne4 Nxe4 21. Bxe4 Nxa2 22. Rc2 Nb4 23. Bxb4 Bxb4 24. Bxa8 Qxa8 25. Qxa8 Rxa8 26. c5 bxc5 27. dxc5 Rc8 28. c6 Ba5 29. c7 Kf8 30. Kf1 Rxc7 31. Rxc7 Bxc7 32. h3 Ke7 33. Ke2 a5 34. Rd4 Bd6 35. f3 f6 36. Kd3 1/2-1/2

[Event "Edmonton CC Spring op"]
[Site "Edmonton CAN"]
[Date "2004.03.11"]
[Round "2"]
[White "Quiring, John"]
[Black "Trepanier, Tas"]
[Result "1-0"]
[WhiteElo "1932"]
[BlackElo "1620"]
[PlyCount "91"]
[GameId "2160767911183651"]
[EventDate "2004.03.04"]
[EventType "swiss"]
[EventRounds "4"]
[EventCountry "CAN"]

1. e4 e5 2. f4 Be7 3. Bc4 exf4 4. Nf3 Bh4+ 5. Kf1 g5 6. d4 d6 7. Nxh4 gxh4 8. Bxf4 Nc6 9. c3 Qe7 10. Nd2 Qf6 11. Qf3 h5 12. h3 Bd7 13. e5 dxe5 14. Re1 O-O-O 15. Bxe5 Nxe5 16. Rxe5 Bc6 17. Qxf6 Nxf6 18. Rf5 Ne4 19. Nxe4 Bxe4 20. Rf4 f5 21. Be6+ Kb8 22. Bxf5 Bxf5 23. Rxf5 Rhf8 24. Rf3 c5 25. Kf2 cxd4 26. cxd4 Rxf3+ 27. gxf3 Rxd4 28. Re1 Kc7 29. Re7+ Kc6 30. Ke3 Rd1 31. Kf2 a5 32. f4 b5 33. Re2 a4 34. a3 Kc5 35. Kf3 Kc4 36. Ke4 Kb3 37. f5 Rb1 38. f6 Rxb2 39. Rxb2+ Kxb2 40. f7 Kxa3 41. f8=Q+ b4 42. Kd3 Kb3 43. Qf7+ Ka3 44. Kc4 b3 45. Kc3 b2 46. Kc2 1-0

[Event "Edmonton CC Summer op"]
[Site "Edmonton CAN"]
[Date "2004.07.01"]
[Round "1"]
[White "Asquith, Tom"]
[Black "Verlik, Val"]
[Result "1-0"]
[WhiteElo "1660"]
[BlackElo "1392"]
[PlyCount "89"]
[GameId "2160767911096119"]
[EventDate "2004.07.??"]
[EventType "swiss"]
[EventRounds "5"]
[EventCountry "CAN"]
[SourceTitle "EXT 2006"]
[Source "ChessBase"]
[SourceDate "2005.11.24"]
[SourceVersion "1"]
[SourceVersionDate "2005.11.24"]
[SourceQuality "1"]

1. e4 e6 2. d4 Nf6 3. e5 Nd5 4. Nf3 Be7 5. c4 Nb6 6. Nc3 d5 7. exd6 cxd6 8. Be2 O-O 9. O-O a6 10. b3 N8d7 11. Be3 Nf6 12. Qc2 Ng4 13. Bf4 d5 14. h3 Nf6 15. Rad1 Nh5 16. Bh2 Bd6 17. Bxd6 Qxd6 18. c5 Qc7 19. cxb6 Qxb6 20. Na4 Qd8 21. Nc5 Nf4 22. Nd3 Nxe2+ 23. Qxe2 f6 24. Rfe1 Qd6 25. Qc2 Bd7 26. Qc5 Qb8 27. Rc1 Rc8 28. Qe7 Rxc1 29. Rxc1 Qe8 30. Qxe8+ Rxe8 31. Rc7 Bc6 32. Nc5 Bb5 33. Nxb7 Be2 34. Nd6 Rd8 35. Nb7 Re8 36. Nd2 e5 37. Nd6 Rd8 38. Nf5 e4 39. Rxg7+ Kh8 40. Rg3 Rc8 41. Nh6 Rf8 42. Nb1 Bh5 43. Nf5 Bg6 44. Ne7 Kg7 45. Nc3 1-0

[Event "Edmonton CC Summer op"]
[Site "Edmonton CAN"]
[Date "2004.07.01"]
[Round "1"]
[White "Chi, Jonathan"]
[Black "Wihnon, Jason"]
[Result "0-1"]
[WhiteElo "1773"]
[BlackElo "1710"]
[PlyCount "36"]
[GameId "2160767911096120"]
[EventDate "2004.07.??"]
[EventType "swiss"]
[EventRounds "5"]
[EventCountry "CAN"]
[SourceTitle "EXT 2006"]
[Source "ChessBase"]
[SourceDate "2005.11.24"]
[SourceVersion "1"]
[SourceVersionDate "2005.11.24"]
[SourceQuality "1"]

1. d4 Nf6 2. c4 g6 3. Nc3 d5 4. Bf4 Bg7 5. e3 O-O 6. cxd5 Nxd5 7. Nxd5 Qxd5 8. Bxc7 Nc6 9. a3 Bf5 10. Nf3 Rac8 11. Bg3 Rfd8 12. b4 e5 13. dxe5 Qe6 14. Qa4 Nxe5 15. Nd4 Rxd4 16. Qxa7 Rdd8 17. Bxe5 Qxe5 18. Ra2 Qc3+ 0-1

[Event "Edmonton CC Summer op"]
[Site "Edmonton CAN"]
[Date "2004.07.08"]
[Round "2"]
[White "Gardner, Robert"]
[Black "Dean, Tim"]
[Result "1-0"]
[WhiteElo "2250"]
[BlackElo "1859"]
[PlyCount "53"]
[GameId "2160767911096121"]
[EventDate "2004.07.??"]
[EventType "swiss"]
[EventRounds "5"]
[EventCountry "CAN"]
[SourceTitle "EXT 2006"]
[Source "ChessBase"]
[SourceDate "2005.11.24"]
[SourceVersion "1"]
[SourceVersionDate "2005.11.24"]
[SourceQuality "1"]

1. e4 e5 2. Nf3 Nc6 3. d4 exd4 4. Nxd4 Nf6 5. Nxc6 bxc6 6. e5 Qe7 7. Qe2 Nd5 8. c4 Ba6 9. b3 g5 10. g3 O-O-O 11. Bb2 Bg7 12. Nd2 Rde8 13. O-O-O f6 14. exf6 Qxe2 15. fxg7 Qxf2 16. gxh8=Q Rxh8 17. Bxh8 Qc5 18. Bh3 h5 19. Rhe1 g4 20. Bf1 Ne3 21. Ne4 Qf8 22. Rxe3 Qxh8 23. Kb1 d5 24. Nc5 d4 25. Re4 Qh7 26. Bd3 Qf7 27. Rde1 1-0

[Event "Edmonton CC Summer op"]
[Site "Edmonton CAN"]
[Date "2004.07.09"]
[Round "2"]
[White "Wihnon, Jason"]
[Black "Hughey, Micah"]
[Result "1/2-1/2"]
[WhiteElo "1710"]
[BlackElo "2054"]
[PlyCount "69"]
[GameId "2160767911096122"]
[EventDate "2004.07.??"]
[EventType "swiss"]
[EventRounds "5"]
[EventCountry "CAN"]
[SourceTitle "EXT 2006"]
[Source "ChessBase"]
[SourceDate "2005.11.24"]
[SourceVersion "1"]
[SourceVersionDate "2005.11.24"]
[SourceQuality "1"]

1. e4 e5 2. Nc3 Bc5 3. Bc4 Nf6 4. d3 c6 5. Bg5 Qb6 6. Na4 Bxf2+ 7. Kf1 Qa5 8. Kxf2 Qxa4 9. Bxf6 gxf6 10. Ne2 d6 11. Nc3 Qa5 12. Qh5 O-O 13. Qh4 Qb6+ 14. Ke2 Qxb2 15. Qxf6 Qxc2+ 16. Ke3 Nd7 17. Qg5+ Kh8 18. Ne2 d5 19. exd5 cxd5 20. Rac1 Qb2 21. Bxd5 Qb6+ 22. Kd2 Qg6 23. Qe7 Qh6+ 24. Ke1 Qf6 25. Qb4 a5 26. Qe4 Qd6 27. Bc4 Nc5 28. Qf3 Bd7 29. Bd5 Bc6 30. Rxc5 Qxc5 31. Qf6+ Kg8 32. Qg5+ Kh8 33. Qf6+ Kg8 34. Qg5+ Kh8 35. Qf6+ 1/2-1/2

[Event "Edmonton CC Summer op"]
[Site "Edmonton CAN"]
[Date "2004.07.15"]
[Round "3"]
[White "Andersen, Soren Mikkel"]
[Black "Wihnon, Jason"]
[Result "0-1"]
[WhiteElo "2130"]
[BlackElo "1710"]
[PlyCount "98"]
[GameId "2160767911096123"]
[EventDate "2004.07.??"]
[EventType "swiss"]
[EventRounds "5"]
[EventCountry "CAN"]
[SourceTitle "EXT 2006"]
[Source "ChessBase"]
[SourceDate "2005.11.24"]
[SourceVersion "1"]
[SourceVersionDate "2005.11.24"]
[SourceQuality "1"]

1. d4 Nf6 2. c4 g6 3. Nc3 d5 4. cxd5 Nxd5 5. e4 Nxc3 6. bxc3 Bg7 7. Be3 c5 8. Qd2 Qa5 9. Rc1 cxd4 10. cxd4 Qxd2+ 11. Kxd2 O-O 12. Nf3 Rd8 13. Bb5 a6 14. Ba4 Nc6 15. Bxc6 bxc6 16. Rhd1 Bg4 17. Ke2 e5 18. dxe5 Rxd1 19. Rxd1 Bxe5 20. h3 Bxf3+ 21. Kxf3 Rb8 22. Rd3 Kg7 23. Ra3 Ra8 24. Bc5 Kf6 25. Ke3 Ke6 26. Rd3 g5 27. g3 Rg8 28. Rb3 Rb8 29. Rxb8 Bxb8 30. g4 Bf4+ 31. Kd3 Ke5 32. Bd4+ Kd6 33. Kc4 Be5 34. Bxe5+ Kxe5 35. Kc5 Kxe4 36. Kxc6 f5 37. gxf5 Kxf5 38. Kb6 g4 39. hxg4+ Kxg4 40. Kxa6 h5 41. Kb7 h4 42. a4 h3 43. a5 h2 44. a6 h1=Q+ 45. Kb8 Qb1+ 46. Kc7 Qc2+ 47. Kb8 Qb3+ 48. Ka8 Kf5 49. f4 Ke6 0-1

[Event "Edmonton CC Summer op"]
[Site "Edmonton CAN"]
[Date "2004.07.15"]
[Round "3"]
[White "Dean, Tim"]
[Black "Asquith, Tom"]
[Result "1-0"]
[WhiteElo "1859"]
[BlackElo "1660"]
[PlyCount "59"]
[GameId "2160767911096124"]
[EventDate "2004.07.??"]
[EventType "swiss"]
[EventRounds "5"]
[EventCountry "CAN"]
[SourceTitle "EXT 2006"]
[Source "ChessBase"]
[SourceDate "2005.11.24"]
[SourceVersion "1"]
[SourceVersionDate "2005.11.24"]
[SourceQuality "1"]

1. e4 c5 2. Nf3 Nc6 3. d4 cxd4 4. Nxd4 e5 5. Nb5 d6 6. N5c3 Be6 7. Be2 Nf6 8. Bg5 Be7 9. Bxf6 gxf6 10. Nd5 f5 11. exf5 Bxf5 12. Nbc3 Nd4 13. Bd3 Be6 14. Qh5 Rg8 15. O-O-O Rxg2 16. Rhg1 Rxf2 17. Nxe7 Kxe7 18. Qh4+ Rf6 19. Ne4 Qa5 20. Nxf6 Rc8 21. Nd5+ Kd7 22. Qe7+ Kc6 23. Nc3 Bxa2 24. Be4+ d5 25. Qxe5 Ne6 26. Nxa2 Kb6 27. Qxd5 Nc5 28. Qd6+ Kb5 29. Nc3+ Kc4 30. Qd4# 1-0

[Event "Edmonton CC Summer op"]
[Site "Edmonton CAN"]
[Date "2004.07.23"]
[Round "4"]
[White "Asquith, Tom"]
[Black "Chi, Jonathan"]
[Result "1-0"]
[WhiteElo "1660"]
[BlackElo "1773"]
[PlyCount "135"]
[GameId "2160767911096125"]
[EventDate "2004.07.??"]
[EventType "swiss"]
[EventRounds "5"]
[EventCountry "CAN"]
[SourceTitle "EXT 2006"]
[Source "ChessBase"]
[SourceDate "2005.11.24"]
[SourceVersion "1"]
[SourceVersionDate "2005.11.24"]
[SourceQuality "1"]

1. e4 c5 2. Nf3 d6 3. d4 cxd4 4. Nxd4 Nf6 5. Nc3 g6 6. Be3 Bg7 7. f3 Nc6 8. Qd2 O-O 9. h4 h5 10. O-O-O Bd7 11. Bc4 Rc8 12. Bb3 Ne5 13. Kb1 Nc4 14. Bxc4 Rxc4 15. Nb3 a5 16. Qd3 Rc8 17. Bd4 a4 18. Nd2 Qa5 19. Nc4 Qb4 20. Na3 Rb8 21. e5 dxe5 22. Bxe5 Bf5 23. Qb5 Qxb5 24. Naxb5 Rbc8 25. Rhe1 Rfe8 26. Bc7 Bd7 27. Be5 Bf5 28. Nd4 Bd7 29. a3 Red8 30. Ndb5 Be8 31. Bc7 Rxd1+ 32. Rxd1 Bc6 33. Bb6 Nd7 34. Na7 Ra8 35. Nxc6 Nxb6 36. Nxe7+ Kf8 37. Ned5 Nxd5 38. Nxd5 Rd8 39. c4 Bf6 40. g3 Rd6 41. Kc2 b6 42. Nxf6 Rxf6 43. Rd3 Ke7 44. Kc3 Re6 45. Kb4 Re2 46. Kxa4 Rxb2 47. Rb3 Rg2 48. f4 Rc2 49. Kb5 Kf6 50. Rb4 Rc3 51. a4 Rxg3 52. Kxb6 Rg4 53. a5 Rxh4 54. a6 Rh3 55. Ra4 Re3 56. c5 h4 57. a7 Re8 58. a8=Q Rxa8 59. Rxa8 g5 60. fxg5+ Kxg5 61. Rg8+ Kf4 62. c6 h3 63. c7 h2 64. Rh8 Kg3 65. c8=Q Kg2 66. Qc6+ Kg1 67. Rg8+ Kf2 68. Qg2+ 1-0

[Event "Edmonton CC Summer op"]
[Site "Edmonton CAN"]
[Date "2004.07.23"]
[Round "4"]
[White "Wihnon, Jason"]
[Black "Dean, Tim"]
[Result "0-1"]
[WhiteElo "1710"]
[BlackElo "1859"]
[PlyCount "74"]
[GameId "2160767911096126"]
[EventDate "2004.07.??"]
[EventType "swiss"]
[EventRounds "5"]
[EventCountry "CAN"]
[SourceTitle "EXT 2006"]
[Source "ChessBase"]
[SourceDate "2005.11.24"]
[SourceVersion "1"]
[SourceVersionDate "2005.11.24"]
[SourceQuality "1"]

1. e4 e5 2. Nc3 Nf6 3. Bc4 Nxe4 4. Qh5 Nd6 5. Bb3 Nc6 6. Nb5 g6 7. Qf3 f5 8. Qd5 Qe7 9. Nxc7+ Kd8 10. Nxa8 b6 11. h4 Bg7 12. d3 Bb7 13. Bg5 Bf6 14. Bxf6 Qxf6 15. Nxb6 axb6 16. Qf3 Re8 17. O-O-O Nd4 18. Qg3 h6 19. f3 f4 20. Qf2 N6f5 21. c3 Ng3 22. Rh3 Ndf5 23. Re1 Nxh4 24. Rxh4 Qxh4 25. Qxb6+ Kc8 26. Qc5+ Bc6 27. Bf7 Nf5 28. Rxe5 Rxe5 29. Qxe5 Ne3 30. Kd2 Qf2+ 31. Ne2 Nxg2 32. d4 Qe1+ 33. Kd3 Qb1+ 34. Kc4 Qxb2 35. Kc5 Ne3 36. Nxf4 Qb5+ 37. Kd6 Nf5+ 0-1

[Event "Edmonton CC Summer op"]
[Site "Edmonton CAN"]
[Date "2004.07.29"]
[Round "5"]
[White "Asquith, Tom"]
[Black "Grumic, Sasha"]
[Result "0-1"]
[WhiteElo "1660"]
[BlackElo "2144"]
[PlyCount "94"]
[GameId "2160767911096127"]
[EventDate "2004.07.??"]
[EventType "swiss"]
[EventRounds "5"]
[EventCountry "CAN"]
[SourceTitle "EXT 2006"]
[Source "ChessBase"]
[SourceDate "2005.11.24"]
[SourceVersion "1"]
[SourceVersionDate "2005.11.24"]
[SourceQuality "1"]

1. e4 c5 2. Nf3 d6 3. d4 cxd4 4. Nxd4 Nf6 5. Nc3 g6 6. Be2 Bg7 7. O-O O-O 8. Be3 Nc6 9. Nxc6 bxc6 10. Qd2 Rb8 11. Rab1 Rb4 12. Bf3 Re8 13. a3 Rc4 14. Rfd1 Qa5 15. Nd5 Qxd2 16. Nxf6+ Bxf6 17. Rxd2 c5 18. c3 Be6 19. Re1 Rb8 20. Bf4 g5 21. Bg3 g4 22. Bd1 Bg5 23. Rc2 f5 24. f4 Bf6 25. exf5 Bxf5 26. Rd2 h5 27. Rd5 Bg6 28. f5 Bf7 29. Rd2 Kg7 30. h4 Rb7 31. Be2 Re4 32. Bd3 Rxe1+ 33. Bxe1 c4 34. Bb1 d5 35. Re2 d4 36. cxd4 Bxd4+ 37. Bf2 Bf6 38. Be4 Rd7 39. g3 Rd1+ 40. Kg2 a5 41. Be1 Bxb2 42. Rxb2 Rxe1 43. Bc6 Rc1 44. Re2 Kf6 45. Ba4 Rc3 46. Ra2 Bd5+ 47. Kh2 Rc1 0-1

[Event "Edmonton Grand 7"]
[Site "Edmonton CAN"]
[Date "2004.05.22"]
[Round "1"]
[White "Asquith, Tom"]
[Black "Hughey, Micah"]
[Result "1/2-1/2"]
[WhiteElo "1660"]
[BlackElo "2041"]
[PlyCount "84"]
[GameId "2160767911158291"]
[EventDate "2004.05.??"]
[EventType "swiss"]
[EventRounds "6"]
[EventCountry "CAN"]
[SourceTitle "EXT 2006"]
[Source "ChessBase"]
[SourceDate "2005.11.24"]
[SourceVersion "1"]
[SourceVersionDate "2005.11.24"]
[SourceQuality "1"]

1. e4 e5 2. Nc3 Nc6 3. Nf3 Nf6 4. g3 Bc5 5. h3 d5 6. exd5 Nxd5 7. d3 Nxc3 8. bxc3 O-O 9. Qe2 b6 10. Bg2 Bb7 11. O-O Re8 12. Ng5 Qd7 13. Qh5 h6 14. Ne4 Be7 15. Be3 Rad8 16. Nd2 Na5 17. Rab1 Bxg2 18. Kxg2 Qc6+ 19. Ne4 g6 20. Qxe5 f5 21. Bd4 Rxd4 22. Qxd4 fxe4 23. dxe4 Bf6 24. Qd5+ Kg7 25. Rbd1 Rxe4 26. Qd7+ Re7+ 27. Qxc6 Nxc6 28. Rd3 Ne5 29. Re3 Kf7 30. Rfe1 Nc4 31. Rxe7+ Bxe7 32. Re4 Na3 33. Ra4 a5 34. Kf3 Nxc2 35. Ke4 Ke6 36. f4 Bc5 37. g4 Ne3 38. Kd3 Nd5 39. Re4+ Kf6 40. Kc4 c6 41. Kd3 Bd6 42. Rd4 Bxf4 1/2-1/2

[Event "Edmonton Grand 7"]
[Site "Edmonton CAN"]
[Date "2004.05.22"]
[Round "3"]
[White "Asquith, Tom"]
[Black "Stark, Mark"]
[Result "0-1"]
[WhiteElo "1660"]
[BlackElo "1835"]
[PlyCount "79"]
[GameId "2160767911158292"]
[EventDate "2004.05.??"]
[EventType "swiss"]
[EventRounds "6"]
[EventCountry "CAN"]
[SourceTitle "EXT 2006"]
[Source "ChessBase"]
[SourceDate "2005.11.24"]
[SourceVersion "1"]
[SourceVersionDate "2005.11.24"]
[SourceQuality "1"]

1. d4 Nf6 2. Nf3 c5 3. c4 g6 4. d5 d6 5. g3 e6 6. Nc3 exd5 7. cxd5 Bg7 8. Bg2 O-O 9. O-O a6 10. a4 Nh5 11. Nd2 Nd7 12. a5 b5 13. axb6 Nxb6 14. Qc2 f5 15. f4 Nf6 16. e4 fxe4 17. Ndxe4 Bf5 18. Nxf6+ Bxf6 19. Qe2 Re8 20. Qf3 Qd7 21. Qd1 Bh3 22. Ne4 Bd4+ 23. Nf2 Bxg2 24. Kxg2 Qb7 25. Ra3 Nxd5 26. Kh3 Nb4 27. g4 Qd7 28. Rg3 Kh8 29. Nd3 Nxd3 30. Rxd3 Rab8 31. f5 gxf5 32. gxf5 Qg7 33. Rg3 Qf6 34. Bg5 Qf7 35. Qd3 Rg8 36. Qxa6 Qh5+ 37. Bh4 Rxg3+ 38. hxg3 Be5 39. g4 Rb3+ 40. Kg2 0-1

[Event "Edmonton Grand 7"]
[Site "Edmonton CAN"]
[Date "2004.05.23"]
[Round "5"]
[White "Stark, Mark"]
[Black "Hughey, Micah"]
[Result "0-1"]
[WhiteElo "1835"]
[BlackElo "2041"]
[PlyCount "22"]
[GameId "2160767911158294"]
[EventDate "2004.05.??"]
[EventType "swiss"]
[EventRounds "6"]
[EventCountry "CAN"]
[SourceTitle "EXT 2006"]
[Source "ChessBase"]
[SourceDate "2005.11.24"]
[SourceVersion "1"]
[SourceVersionDate "2005.11.24"]
[SourceQuality "1"]

1. d4 e5 2. dxe5 Nc6 3. Bf4 Qe7 4. Nf3 Qb4+ 5. Bd2 Qxb2 6. Bc3 Bb4 7. Bxb4 Nxb4 8. Nd4 Qxa1 9. c3 Nxa2 10. Nb5 Kd8 11. Nxc7 Nxc3 0-1